000 00438nam a2200133Ia 4500
008 260210s9999 xx 000 0 und d
024 _a12B-40-BS, 12B-002-BS & 12B-44-BS
082 _a004.072 MUH
100 _aMuhammad Yasir, Muhammad Rafay Uddin & Muhammad Takbeer Mirza
245 0 _aIntelligent Sales Engine
260 _aKarachi:
_bUITU,
_c2012
600 _aComputer Science
650 _aBachelor of Computer Science (BS)
999 _c32258
_d32258